000 00970nam a2200277 i 4500
003 DO-SdBNP
005 20240318093932.0
007 ta
008 240318s2005 dr 001 0dspa d
020 _a9945416014
040 _aDO-SdBNP
_bspa
_cBNPHU
_erda
082 4 _bP349
_222
100 1 _aPeña y Reinoso, M. de J. de
_d1834-1915
_962270
_qManuel De Jesús De Peña y Reinoso
245 1 0 _aLecciones elementales de retórica /
_cM. de J. de Peña y Reinoso ; presentación José Andrés Aybar Sánchez
264 _aSanto Domingo :
_bUNICARIBE,
_c2005.
300 _a84 páginas
_c22 cm.
336 _2rdacontent
_atexto
_btxt
337 _2rdamedia
_asin mediación
_bn
338 _2rdacarrier
_avolumen
_bnc
490 _aUnicaribe
500 _aOriginal de: Santiago de Cuba, Ravelo y Hermanos editores. 1882.
590 _aInventariado, 2024/ YL
700 1 _aAybar Sánchez, José Andrés
_epresentación
_918786
910 _aYLockward
942 _2ddc
_cLBS1
999 _c56130
_d56130